| 000 | 00632nam a2200181 a 4500 | ||
|---|---|---|---|
| 001 | 000029827 | ||
| 005 | 20210326154637.0 | ||
| 008 | 110426s1970 dr 000 0 spa d | ||
| 040 |
_aDO-SdBNP _bspa _cBNPHU |
||
| 082 |
_axxx _bP762i |
||
| 100 |
_aPolanco Brito, Hugo E. _97924 |
||
| 245 | 1 | 3 |
_aLa iglesia católica y la primera constitución dominicana / _cHugo Eduardo Polanco Brito. |
| 260 |
_aSanto Domingo : _bEditora del Caribe, _c1970. |
||
| 300 |
_a15 p. ; _c23 cm. |
||
| 500 | _aIncluye notas al pie de páginas | ||
| 710 | 2 |
_aDiscurso en el Día de la Constitución _d(1969 nov. 6 : _cSan Cristóbal) _956578 |
|
| 049 | _aBNPD | ||
| 999 |
_c29319 _d29319 |
||